000 00426nam a2200133Ia 4500
008 230917s9999||||xx |||||||||||||| ||und||
040 _e183797
_aMAIN
041 _aEnglish
082 _a34:331 K95I
100 _aKulshreshtha, Abha
245 0 _aIndustrial relations machinery under the Industrial Disputs Act 1947: A study of relevant provisions and Judicial descisions since independence
300 _a187 p.
942 _cTH
999 _c88929
_d88929